6 κείμενα για τον κινηματογράφο

Αποθηκεύτηκε σε:
Λεπτομέρειες βιβλιογραφικής εγγραφής
Κύριος συγγραφέας: Pasolini, Pier Paolo, 1922-1975
Άλλοι συγγραφείς: Μωυσίδης, Βασίλης (Μεταφραστής)
Μορφή: Βιβλίο
Γλώσσα:Greek
Italian
Δημοσίευση: Αθήνα : Αιγόκερως, c1989
Σειρά:Κινηματογραφική θεωρία ; ; 2
Θέματα:
Ετικέτες: Προσθήκη ετικέτας
Δεν υπάρχουν, Καταχωρήστε ετικέτα πρώτοι!

MARC

LEADER 00000cam a2200000 i 4500
001 1/75413
008 961216s1989 gre d
035 |a 1989  |b 2  |c Δωρεά  |l 10032118 
040 |a GR-MY-UA  |b gre  |e aacr 
041 0 |a gre  |h ita 
082 0 |a 791.4301 
100 1 |a Pasolini, Pier Paolo,   |d 1922-1975. 
245 1 0 |a 6 κείμενα για τον κινηματογράφο /  |c Πιερ Πάολο Παζολίνι ; μετάφραση Βασίλης Μωυσίδης 
246 3 3 |a Εξι κείμενα για τον κινηματογράφο 
260 |a Αθήνα :   |b Αιγόκερως,   |c c1989 
300 |a 59 σ. 
490 1 |a Κινηματογραφική θεωρία  |v ; 2 
650 0 0 |a Motion pictures  |x Aesthetics. 
700 1 |a Μωυσίδης, Βασίλης.  |4 trl 
830 0 |a Κινηματογραφική θεωρία ;  |v ; 2 
852 |a INST  |b RHODES  |e 19961216  |h 791.4301 PAS  |p 005400010366  |q 005400010366  |t BK  |y 0 
852 |a INST  |b SAMOS  |e 19981008  |h 791.4301 PAS  |p 005300010493  |q 005300010493  |t BK  |y 0 
901 |a BIBL-1998-3 
909 |a Ρ  |b 014770  |c 1989 
909 |a Σ  |b 049948 
922 |a 3ΕΛΗ  |b 199809  |c Βιβλιοθήκη  |d Leader